Top 10 Leeds United Premier League Scorers - Statistics

General Stats
  • This quiz has been taken 150 times
    98 since last reset
  • The average score is 5 of 10
Answer Stats
Player Goals % Correct
Mark Viduka 59
91%
Harry Kewell 45
80%
Alan Smith 39
76%
Jimmy Floyd Hasselbaink 34
65%
Lee Bowyer 38
56%
Ian Harte 28
43%
Rodrigo 26
40%
Rod Wallace 42
32%
Brian Deane 32
30%
Gary McAllister 25
30%
No matching quizzes found
Score Distribution
Percent of People with Each Score
Percentile by Number Answered
Your Score History
You have not taken this quiz since the last reset